<?xml version="1.0" encoding="UTF-8"?><?xml-stylesheet type="text/xsl" href="static/style.xsl"?><OAI-PMH xmlns="http://www.openarchives.org/OAI/2.0/" xmlns:xsi="http://www.w3.org/2001/XMLSchema-instance" xsi:schemaLocation="http://www.openarchives.org/OAI/2.0/ http://www.openarchives.org/OAI/2.0/OAI-PMH.xsd"><responseDate>2026-06-03T04:48:53Z</responseDate><request verb="GetRecord" identifier="oai:riuma.uma.es:10630/16320" metadataPrefix="marc">https://riuma.uma.es/rest/oai/request</request><GetRecord><record><header><identifier>oai:riuma.uma.es:10630/16320</identifier><datestamp>2026-02-03T10:25:49Z</datestamp><setSpec>com_10630_1685</setSpec><setSpec>col_10630_38055</setSpec></header><metadata><record xmlns="http://www.loc.gov/MARC21/slim" xmlns:dcterms="http://purl.org/dc/terms/" xmlns:doc="http://www.lyncode.com/xoai" xmlns:xsi="http://www.w3.org/2001/XMLSchema-instance" xsi:schemaLocation="http://www.loc.gov/MARC21/slim http://www.loc.gov/standards/marcxml/schema/MARC21slim.xsd">
   <leader>00925njm 22002777a 4500</leader>
   <datafield ind2=" " ind1=" " tag="042">
      <subfield code="a">dc</subfield>
   </datafield>
   <datafield ind2=" " ind1=" " tag="720">
      <subfield code="a">Cebrián Muñoz, M ª del Carmen</subfield>
      <subfield code="e">author</subfield>
   </datafield>
   <datafield ind2=" " ind1=" " tag="260">
      <subfield code="c">2018-07-20</subfield>
   </datafield>
   <datafield ind2=" " ind1=" " tag="520">
      <subfield code="a">Esta memoria recoge el trabajo de investigación teórica-conceptual y formal del Trabajo de Fin de Grado. Para ello, hemos tomado una serie de referentes, citados en dicha memoria, que han aportado conceptos para desarrollar las obras plásticas. Todas las citas e imágenes que se incluyen se realizan con fines de investigación y, en una medida justificada, para la realización del proyecto.&#xd;
Los referentes teóricos investigados para dicho proyecto han sido muy variados, por ejemplo René Passeron, Francisco Calvo Serraller, María Zambrano, Javier Maderuelo, José Saborit, Freud, entre otros. Dichos autores han ayudado a reflexionar sobre los conceptos del paisaje, la pintura y los sueños, para poder aplicarlo al proyecto.&#xd;
Desde el punto de vista plástico, los artistas elegidos han aportado diferentes puntos de vista a la obra. Entre ellos: Glem Brown, Tácita Deam, Natalia Castañeda, Bingyi, Balthasar Burkhard, Mara K. Fuhrmamn, Chirico, etc.&#xd;
En el desarrollo de la obra plástica se han incluido bocetos y pruebas realizadas con diferentes soportes y materiales, con la finalidad de ver los resultados y su factibilidad para concluir la obra.</subfield>
   </datafield>
   <datafield ind1="8" ind2=" " tag="024">
      <subfield code="a">https://hdl.handle.net/10630/16320</subfield>
   </datafield>
   <datafield tag="653" ind2=" " ind1=" ">
      <subfield code="a">Bellas Artes - Trabajos Fin de Grado</subfield>
   </datafield>
   <datafield tag="653" ind2=" " ind1=" ">
      <subfield code="a">Grado en Bellas Artes - Trabajos Fin de Grado</subfield>
   </datafield>
   <datafield tag="653" ind2=" " ind1=" ">
      <subfield code="a">Arte</subfield>
   </datafield>
   <datafield tag="653" ind2=" " ind1=" ">
      <subfield code="a">Memoria - En el arte</subfield>
   </datafield>
   <datafield tag="653" ind2=" " ind1=" ">
      <subfield code="a">Sueños - En el arte</subfield>
   </datafield>
   <datafield tag="653" ind2=" " ind1=" ">
      <subfield code="a">Mar - En el arte</subfield>
   </datafield>
   <datafield tag="653" ind2=" " ind1=" ">
      <subfield code="a">Abstracción - En el arte</subfield>
   </datafield>
   <datafield ind2="0" ind1="0" tag="245">
      <subfield code="a">Oneiros, los sueños y recuerdos, residuos en la memoria: la representación del mar como un paisaje onírico.</subfield>
   </datafield>
</record>
</metadata></record></GetRecord></OAI-PMH>